000 00736nam a2200229Ia 4500
003 OSt
005 20220926021942.0
006 a|||||r|||| 00| 0
007 ta
008 220923b |||||||| |||| 00| 0 eng d
037 _cGeneral Book
040 _aRTL
_cRTL
_beng
041 _2eng
_aeng
082 _aV1N45,93:3:(X.47).n76r, L6-12/UN
110 _aUNITED NATIONS, ECONOMIC COMMISSION FOR WESTREN ASIA
_9327358
245 0 _aReport on the third session.
260 _aNew York
_bUnited Nations
_c1991
300 _av,94p.
_ccm.
700 _aUNITED NATIONS, ECONOMIC COMMISSION FOR WESTREN ASIA
_9327359
942 _hV1N45,93:3:(X.47).n76r, L6-12/UN
_cGB
_2CC
999 _c638137
_d638137